00748nam a2200217 a 450000100100000000500170001000800410002704000250006808200170009310000280011024500650013826000590020330000200026249000180028265000330030065000250033383000250035804900090038395201210039299900170051300002438220200930022948.0110126s1966 ag r 000 0 spa d aDO-SdBNPbspacBNPHU a223.7bB459p1 aBendrom, Luifel,95000010aProverbios antiguos para tiempos modernos /cLuifel Bendrom. aBuenos Aires :bCasa Bautista de Publicaciones,c1966. a96 p. ;c19 cm.1 aLibros afines 4aProverbios y refranes918988 4aBiblia.xA.t.948881 0aLibros afines950001 aBNGR 001052708MOaGRbGRcCTd2011-01-26iLF1l0o223.7 B459pp24382-10r2020-06-25w2020-06-25y2ZPréstamo interno c23875d23875